[Event "Titled Tue 27th May Late"]
[Site "chess.com INT"]
[Date "2025.05.27"]
[Round "4"]
[White "Mafra, Kaiser Luiz"]
[Black "Dilmukhametov, Artur"]
[Result "0-1"]
[WhiteTitle "CM"]
[BlackTitle "FM"]
[WhiteElo "2094"]
[BlackElo "2276"]
[WhiteFideId "2106698"]
[BlackFideId "24179922"]
[EventDate "2025.05.27"]

1. e4 d5 2. exd5 Qxd5 3. Nc3 Qe5+ 4. Nge2 Nf6 5. d4 Qa5 6. Bd2 c6 7. Ng3 Qd8 8.
Bc4 Bg4 9. f3 Bh5 10. Nxh5 Nxh5 11. Qe2 e6 12. O-O-O Nf6 13. Bg5 Be7 14. Rhe1
O-O 15. Ne4 Nxe4 16. Bxe7 Nc3 17. Bxd8 Nxe2+ 18. Rxe2 Rxd8 19. Bb3 Nd7 20. c4
Nf6 21. g4 h6 22. h4 Rd6 23. g5 hxg5 24. hxg5 Nh5 25. Rh2 g6 26. d5 cxd5 27.
cxd5 Rad8 28. dxe6 Rxd1+ 29. Bxd1 fxe6 30. Rh4 Rd5 31. Bb3 Rxg5 32. Bxe6+ Kg7
33. Rc4 b6 34. Bg4 Nf6 35. Rc7+ Kh6 36. Rxa7 Nxg4 37. fxg4 Rxg4 38. Rb7 Rb4 39.
a3 Rb5 40. Kc2 g5 41. Kc3 g4 42. a4 Rc5+ 43. Kd4 Rc6 44. Ke4 Kh5 45. Kf4 Rc4+
46. Kg3 Rb4 47. a5 bxa5 48. Rh7+ Kg6 49. Ra7 a4 50. Ra6+ Kf5 51. Ra5+ Ke6 52.
Ra6+ Kd5 53. Rg6 Kc4 54. Rxg4+ Kb3 55. Rg7 Kxb2 56. Kf2 a3 57. Rb7 Rxb7 58. Ke3
a2 59. Kd4 a1=Q 60. Kd3 Qa3+ 61. Kc4 Rc7+ 62. Kd5 Qa5+ 63. Kd4 Qb4+ 64. Kd3 Rc3+
65. Kd2 Qd4+ 66. Ke2 Re3+ 67. Kf2 Qf4+ 68. Kg1 Rg3+ 69. Kh1 Qh4# 0-1

[Event "Titled Tue 27th May Late"]
[Site "chess.com INT"]
[Date "2025.05.27"]
[Round "4"]
[White "Deichmann, Esteban Horacio"]
[Black "Zahn, Wolfgang"]
[Result "1-0"]
[BlackTitle "FM"]
[WhiteElo "2085"]
[BlackElo "2280"]
[WhiteFideId "167410"]
[BlackFideId "4620984"]
[EventDate "2025.05.27"]

1. e4 c5 2. Nf3 d6 3. Nc3 Nf6 4. Be2 a6 5. O-O e5 6. a4 g6 7. Bc4 Bg7 8. d3 O-O
9. Bg5 h6 10. Bh4 Be6 11. Nd5 Nbd7 12. Re1 Bxd5 13. Bxd5 g5 14. Bg3 Nxd5 15.
exd5 f5 16. h3 f4 17. Bh2 b5 18. Nd2 Nb6 19. c4 Nxa4 20. b3 Nc3 21. Qc2 b4 22.
Ne4 Nxe4 23. dxe4 a5 24. Ra4 Qc7 25. f3 h5 26. Qf2 Rf7 27. Kh1 Bf6 28. Rea1 Bd8
29. g4 fxg3 30. Qxg3 Kh7 31. Rf1 Qe7 32. Ra2 Qf6 33. Rg2 Rg7 34. Qf2 Raa7 35.
Qe2 Raf7 36. f4 exf4 37. Qxh5+ Qh6 38. Qg4 Bf6 39. Ra2 Ra7 40. Bg1 Be5 41. Rh2
Qg6 42. h4 Qxe4+ 43. Rf3 Kg8 44. hxg5 Rh7 45. Qc8+ Kg7 46. Rxh7+ Kxh7 47. Kg2
Rf7 48. Qh3+ Kg8 49. Qc8+ Kg7 50. Qe6 Qg6 51. Qe8 Qxg5+ 52. Kf1 Qg4 53. Rf2 f3
54. Qe6 Bd4 55. Qxg4+ 1-0

[Event "Titled Tue 27th May Late"]
[Site "chess.com INT"]
[Date "2025.05.27"]
[Round "4"]
[White "Hernandez Leon, Sergio"]
[Black "Chernobay, Artem"]
[Result "1/2-1/2"]
[WhiteTitle "CM"]
[BlackTitle "GM"]
[WhiteElo "2106"]
[BlackElo "2454"]
[WhiteFideId "2285622"]
[BlackFideId "4167406"]
[EventDate "2025.05.27"]

1. e4 d6 2. d4 Nf6 3. Nc3 e5 4. Nf3 Nbd7 5. Bc4 Be7 6. O-O O-O 7. Re1 c6 8. a4
Qc7 9. h3 h6 10. Be3 Re8 11. Bb3 Nf8 12. dxe5 dxe5 13. Qe2 Ng6 14. Kh2 Bb4 15.
Bd2 Nf4 16. Qf1 Ne6 17. Nd5 cxd5 18. Bxb4 dxe4 19. Nd2 Nd4 20. Nxe4 Nxe4 21.
Rxe4 Bf5 22. Re3 a5 23. Bc3 Bxc2 24. Bd5 Rad8 25. Qc4 Qd7 26. Bxd4 Qxd5 27. Qxd5
Rxd5 28. Bc3 f6 29. f3 Red8 30. Kg3 Kf7 31. Kf2 b6 32. Re2 Rd1 33. Rxd1 Bxd1 34.
Rd2 Rxd2+ 35. Bxd2 Bxa4 36. Be3 Bc6 37. Bxb6 a4 38. Bc5 Ke6 39. Ke3 h5 40. Bf8
g5 41. g3 Bd7 42. h4 gxh4 43. gxh4 f5 44. Bg7 f4+ 45. Ke2 Bb5+ 46. Kf2 Bc6 47.
Bf8 Kd5 48. Bb4 e4 49. fxe4+ Kxe4 50. Bc3 Kd3 51. Bf6 Kc2 52. Be5 f3 53. Bf6 Kd3
54. Be5 Ke4 55. Bg7 Kf5 56. Bf8 Kf6 57. Bd6 Ke6 58. Bc7 Kf5 59. Bd6 Kg4 60. Be7
Kf5 61. Bd8 Kg4 62. Be7 Kf5 63. Bd8 Kg4 64. Be7 1/2-1/2

[Event "Titled Tue 27th May Late"]
[Site "chess.com INT"]
[Date "2025.05.27"]
[Round "4"]
[White "Ferreira, Vitor Hugo Vieira"]
[Black "Pyrih, Roman"]
[Result "0-1"]
[BlackTitle "FM"]
[WhiteElo "2128"]
[BlackElo "2429"]
[WhiteFideId "2119765"]
[BlackFideId "14179156"]
[EventDate "2025.05.27"]

1. e4 c5 2. Nf3 d6 3. d4 cxd4 4. Nxd4 Nf6 5. Nc3 a6 6. h3 e5 7. Nb3 h5 8. Be3
Be6 9. Qf3 Nbd7 10. O-O-O Qc7 11. Kb1 b5 12. Rg1 Rc8 13. Bd3 h4 14. Qe2 Be7 15.
f4 exf4 16. Bxf4 Ne5 17. g4 hxg3 18. Bxg3 Nxd3 19. cxd3 Rxh3 20. Nd4 b4 21. Nd5
Nxd5 22. exd5 Bxd5 23. Nf5 Kf8 24. Qg4 Rh7 25. Nxe7 Kxe7 26. Rde1+ Be6 27. Bh4+
Kf8 28. Qf4 Kg8 29. Qxb4 Rb8 30. Qd4 Qb6 31. Bf2 Qxd4 32. Bxd4 Rb5 33. Re2 Rd5
34. Bc3 Rxd3 35. Reg2 g6 36. Rd2 Rxd2 37. Bxd2 Rh2 38. Bf4 Re2 39. Bxd6 Kg7 40.
Bc5 f6 41. Rf1 Bf5+ 42. Ka1 Kf7 43. b3 Ke6 44. Bd4 g5 45. a4 g4 46. b4 g3 47. b5
axb5 48. axb5 g2 49. Rg1 Be4 50. b6 f5 51. Rc1 f4 52. Bg1 f3 53. Rc8 Re1+ 54.
Kb2 Rxg1 55. Re8+ Kf5 56. Rxe4 Kxe4 57. b7 Rb1+ 58. Kxb1 g1=Q+ 59. Kb2 Qb6+ 0-1

[Event "Titled Tue 27th May Late"]
[Site "chess.com INT"]
[Date "2025.05.27"]
[Round "4"]
[White "Idani, Pouya"]
[Black "Avramidou, Anastasia"]
[Result "1-0"]
[WhiteTitle "GM"]
[BlackTitle "FM"]
[WhiteElo "2630"]
[BlackElo "2294"]
[WhiteFideId "12510130"]
[BlackFideId "4239873"]
[EventDate "2025.05.27"]

1. d4 Nf6 2. Nf3 e6 3. e3 d5 4. Bd3 c5 5. b3 Nc6 6. O-O Bd6 7. dxc5 Bxc5 8. Bb2
O-O 9. a3 Re8 10. c4 Bf8 11. Nbd2 h6 12. Qe2 e5 13. cxd5 Qxd5 14. Bc4 Qd8 15.
Rfd1 Qc7 16. e4 a6 17. Rac1 Qb6 18. Nf1 Bg4 19. h3 Bxf3 20. Qxf3 Nd4 21. Qe3
Rad8 22. Ng3 Bc5 23. b4 a5 24. Bc3 axb4 25. axb4 Bf8 26. Nf5 Rc8 27. Be1 Qa7 28.
Nxd4 exd4 29. Qb3 b5 30. Bxb5 Rxc1 31. Rxc1 Rxe4 32. Bd3 Re5 33. b5 Bc5 34. Bd2
Bb6 35. Qb2 Re8 36. Ra1 Qc7 37. Qb3 Nd7 38. Qc4 Qxc4 39. Bxc4 Ne5 40. Re1 Rc8
41. Bf1 Nd7 42. Rb1 Nc5 43. Rc1 1-0

[Event "Titled Tue 27th May Late"]
[Site "chess.com INT"]
[Date "2025.05.27"]
[Round "4"]
[White "Chocenka, Dmitrijus"]
[Black "George, Kevin"]
[Result "1-0"]
[WhiteTitle "FM"]
[BlackTitle "IM"]
[WhiteElo "2304"]
[BlackElo "2301"]
[WhiteFideId "12802336"]
[BlackFideId "10669515"]
[EventDate "2025.05.27"]

1. e4 c5 2. Nf3 Nc6 3. d4 cxd4 4. Nxd4 g6 5. Nc3 Bg7 6. Be3 Nf6 7. Bc4 Qa5 8.
O-O Qb4 9. Bb3 Nxe4 10. Nxe4 Nxd4 11. c3 Ne2+ 12. Qxe2 Qxe4 13. Rfe1 O-O 14.
Rad1 d6 15. Bd5 Qe5 16. Qf3 Qf5 17. Bxb7 Rb8 18. Bxc8 Qxf3 19. gxf3 Rfxc8 20.
Bc1 Bf6 21. Re4 Rb5 22. Ra4 a5 23. c4 Rf5 24. Kg2 Rfc5 25. b3 Bc3 26. Be3 Rf5
27. Rd3 Be1 28. a3 Rh5 29. Kf1 Bxf2 30. Bxf2 Rxh2 31. Rxa5 Rb8 32. b4 Rh1+ 33.
Kg2 Rc1 34. c5 Rc8 35. cxd6 exd6 36. Rxd6 Kg7 37. Bd4+ Kf8 38. Rd7 Kg8 39. Raa7
Rd1 40. b5 h5 41. b6 Rb8 42. a4 Kf8 43. a5 Ke8 44. Re7+ Kd8 45. Rad7+ Kc8 46.
Rc7+ Kd8 47. Bf6 Rd2+ 48. Kg3 h4+ 49. Kxh4 Rh2+ 50. Kg3 Rd2 51. Red7+ Ke8 52.
Rxd2 g5 53. Rdd7 Kf8 54. Rxf7+ Kg8 55. Rg7+ Kf8 56. Rh7 Rxb6 57. Rh8# 1-0

[Event "Titled Tue 27th May Late"]
[Site "chess.com INT"]
[Date "2025.05.27"]
[Round "4"]
[White "Piddubna, Bozhena"]
[Black "Fascio Outerbridge, Arno Augusto"]
[Result "1/2-1/2"]
[WhiteTitle "WFM"]
[BlackTitle "CM"]
[WhiteElo "2174"]
[BlackElo "2060"]
[WhiteFideId "34109293"]
[BlackFideId "6610862"]
[EventDate "2025.05.27"]

1. d4 Nf6 2. c4 c5 3. d5 b5 4. cxb5 a6 5. bxa6 Bxa6 6. Nc3 g6 7. e4 Bxf1 8. Kxf1
Bg7 9. Nf3 O-O 10. g3 d6 11. Kg2 Nbd7 12. a4 Ra6 13. Qe2 Qa8 14. Ra3 e6 15. dxe6
fxe6 16. Nb5 Qb7 17. Re1 Ng4 18. Rd3 d5 19. e5 Ndxe5 20. Nxe5 Rxf2+ 21. Qxf2
Nxf2 22. Kxf2 Rxa4 23. Nc3 Ra8 24. Nf3 Rf8 25. Rxe6 d4 26. Ne4 Qf7 27. Ng5 Qf5
28. Re4 h6 29. g4 Qd5 30. Rf4 hxg5 31. Rxf8+ Bxf8 32. Bxg5 c4 33. Rd2 d3 34. Be3
Bc5 35. h4 Bxe3+ 36. Kxe3 Qe6+ 37. Kf4 Qf6+ 38. Kg3 c3 39. bxc3 Qxc3 40. h5 gxh5
41. gxh5 Qc7+ 42. Kf2 Qc3 43. Ke3 Kh7 44. Rxd3 Qc5+ 45. Kf4 Qc7+ 46. Kg4 Qc8+
47. Kg3 Qc7+ 48. Kg2 Qc2+ 49. Rd2 Qf5 50. Kf2 Qxh5 51. Rd4 Qc5 52. Kg3 Qc7+ 53.
Rf4 Qg7+ 54. Rg4 Qc7+ 55. Kh3 Qd7 56. Ng5+ Kh6 57. Kh4 Qd8 58. Kh3 Qd7 59. Kh4
Qd8 60. Kh3 Qd7 1/2-1/2

[Event "Titled Tue 27th May Late"]
[Site "chess.com INT"]
[Date "2025.05.27"]
[Round "4"]
[White "Deveci, Huseyin Said"]
[Black "Hernandez Bonilla, Amelia"]
[Result "0-1"]
[WhiteTitle "CM"]
[BlackTitle "WFM"]
[WhiteElo "2212"]
[BlackElo "1976"]
[WhiteFideId "26322455"]
[BlackFideId "3900193"]
[EventDate "2025.05.27"]

1. d4 Nf6 2. c4 e6 3. Nc3 Bb4 4. e3 b6 5. Nf3 Bxc3+ 6. bxc3 d6 7. Bd3 O-O 8. O-O
Nc6 9. Re1 e5 10. e4 h6 11. h3 Ba6 12. a4 Re8 13. Rb1 Na5 14. Qe2 c5 15. d5 Qd7
16. Ra1 Nb3 17. Ra3 Nxc1 18. Rxc1 Nh5 19. Nh4 Nf4 20. Qf3 Qd8 21. Nf5 Qf6 22.
Kh2 Bc8 23. Ng3 g6 24. a5 bxa5 25. Rxa5 Kg7 26. Kg1 Nxh3+ 27. Kf1 Qxf3 28. gxf3
Nf4 29. Bc2 h5 30. Ne2 Bh3+ 31. Ke1 Ng2+ 32. Kd2 Nh4 33. Ke3 Bg2 34. f4 exf4+
35. Kxf4 f6 36. Kg3 g5 37. Rca1 Bxe4 38. Rxa7+ Rxa7 39. Rxa7+ Kg6 40. Bxe4+ Rxe4
41. Nc1 Rxc4 42. Ne2 Nf5+ 43. Kg2 Re4 44. Kf1 Re5 45. Rd7 Rxd5 46. f4 Rd3 47.
fxg5 fxg5 48. c4 h4 49. Kf2 Rd2 50. Ke1 Rc2 51. Ng1 Rxc4 52. Nf3 Re4+ 53. Kf2 g4
54. Nxh4+ Nxh4 55. Rxd6+ Kg5 56. Kg3 Nf5+ 57. Kg2 Nxd6 0-1

[Event "Titled Tue 27th May Late"]
[Site "chess.com INT"]
[Date "2025.05.27"]
[Round "4"]
[White "Dubnevych, Maksym"]
[Black "Smieszek, Wojciech"]
[Result "1-0"]
[WhiteTitle "FM"]
[BlackTitle "CM"]
[WhiteElo "2292"]
[BlackElo "2141"]
[WhiteFideId "14184001"]
[BlackFideId "1156047"]
[EventDate "2025.05.27"]

1. Nc3 Nf6 2. e4 d5 3. e5 d4 4. Nce2 Ng4 5. f4 Nc6 6. Ng3 h5 7. h3 Nh6 8. Qxh5
Nb4 9. Qd1 d3 10. cxd3 Nxd3+ 11. Bxd3 Qxd3 12. Nf3 Nf5 13. Nxf5 Bxf5 14. Qe2 Qd7
15. d4 O-O-O 16. Be3 e6 17. O-O Kb8 18. Rac1 Qd5 19. a3 Be7 20. Bd2 Rd7 21. Qe3
Be4 22. Bc3 c5 23. Rcd1 Rhd8 24. Kh2 Bxf3 25. Rxf3 Qc6 26. f5 cxd4 27. Rxd4 Bc5
28. Rxd7 Rxd7 29. Qe2 exf5 30. Rxf5 Qe6 31. Rf3 f6 32. Qb5 Bb6 33. exf6 Bc7+ 34.
Kg1 gxf6 35. Qf1 Bb6+ 36. Kh1 f5 37. Rxf5 a6 38. Rf8+ Ka7 39. Rf3 Qc6 40. Be1
Rd5 41. Bf2 Bxf2 42. Qxf2+ Kb8 43. Rf8+ Kc7 44. Rf7+ Kc8 45. Kh2 Qd6+ 46. Qg3
Qc5 47. Rf3 Kd7 48. Qg7+ Kc6 49. Rf6+ Kb5 50. Qxb7+ Ka4 51. Rf4+ Ka5 52. b4+ Ka4
53. bxc5+ Ka5 54. Qb4# 1-0

[Event "Titled Tue 27th May Late"]
[Site "chess.com INT"]
[Date "2025.05.27"]
[Round "4"]
[White "Ansat, Aldiyar"]
[Black "Rustemov, Alexander"]
[Result "1-0"]
[WhiteTitle "IM"]
[BlackTitle "GM"]
[WhiteElo "2489"]
[BlackElo "2525"]
[WhiteFideId "13715658"]
[BlackFideId "4119002"]
[EventDate "2025.05.27"]

1. e4 e6 2. d4 d5 3. Nd2 dxe4 4. Nxe4 Bd7 5. Nf3 Bc6 6. Bd3 Nd7 7. Qe2 Ngf6 8.
Bg5 Be7 9. Bxf6 Nxf6 10. O-O-O Nxe4 11. Bxe4 Bxe4 12. Qxe4 Qd5 13. Qxd5 exd5 14.
Rde1 f6 15. Kd2 Kf7 16. Kd3 Bd6 17. h4 h5 18. b3 c6 19. c4 dxc4+ 20. bxc4 Rhd8
21. Re4 Rd7 22. Kc3 b5 23. Rb1 a6 24. a4 Rb8 25. axb5 axb5 26. Re2 Ra7 27. Reb2
b4+ 28. Kd3 c5 29. Nd2 f5 30. Nb3 cxd4 31. c5 Be7 32. g3 Rc8 33. Rc2 Rac7 34.
Rbc1 Bf6 35. Rc4 Ra8 36. Rxb4 Ra2 37. Rc2 Ra3 38. Kc4 Rd7 39. c6 d3 40. Rd2 Rc7
41. Rb7 Be5 42. Rxd3 Ke6 43. Nc5+ Kf6 44. Rxa3 Rxc6 45. Ra6 Rxa6 46. Nxa6 f4 47.
Nc5 fxg3 48. fxg3 Kf5 49. Rf7+ Kg4 50. Ne4 g6 51. Kd5 Bxg3 52. Nxg3 Kxg3 53. Rg7
Kxh4 54. Rxg6 Kh3 55. Ke4 h4 56. Kf3 Kh2 57. Kf2 h3 58. Rg3 Kh1 59. Rxh3# 1-0

[Event "Titled Tue 27th May Late"]
[Site "chess.com INT"]
[Date "2025.05.27"]
[Round "4"]
[White "Nguyen, Ngoc Truong Son"]
[Black "Vagman, Roy"]
[Result "0-1"]
[WhiteTitle "GM"]
[BlackTitle "FM"]
[WhiteElo "2632"]
[BlackElo "2417"]
[WhiteFideId "12401110"]
[BlackFideId "2828995"]
[EventDate "2025.05.27"]

1. e4 e5 2. Nf3 d5 3. Nc3 d4 4. Ne2 Nc6 5. Ng3 h5 6. h4 Bg4 7. Bb5 Ne7 8. c3 a6
9. Bd3 Ng6 10. Qb3 Be6 11. Bc4 Na5 12. Qa4+ b5 13. Qxa5 Bxc4 14. d3 Bxd3 15.
cxd4 exd4 16. Qd2 Bc4 17. b3 Be6 18. Nxd4 Bc5 19. Nxe6 fxe6 20. Qxd8+ Rxd8 21.
Bg5 Bb4+ 22. Ke2 Rd7 23. Rhd1 Ne5 24. Rxd7 Kxd7 25. Rd1+ Kc8 26. f4 Nc6 27. e5
Bc5 28. Ne4 Bb6 29. g3 Nd4+ 30. Kf1 Nf5 31. Rd3 Re8 32. Kg2 Ne3+ 33. Kh3 Nf5 34.
g4 hxg4+ 35. Kxg4 Rh8 36. Ng3 Ne3+ 37. Kf3 Nd5 38. f5 Rf8 39. Kg4 Nb4 40. Rf3
Nc6 41. Bf4 Nd4 42. Rd3 exf5+ 43. Kh3 Ne6 44. Rf3 g6 45. Bd2 Bd4 46. h5 gxh5 47.
Nxf5 Bxe5 48. Ne7+ Kd7 49. Rxf8 Nxf8 50. Nd5 Kd6 51. Nb4 a5 52. Nd3 b4 53. Kh4
Ne6 54. Kxh5 Bc3 55. Be3 Kd5 56. Nf2 Nd4 57. Kg4 Nc2 0-1

[Event "Titled Tue 27th May Late"]
[Site "chess.com INT"]
[Date "2025.05.27"]
[Round "4"]
[White "Petrus, Adrian"]
[Black "Rees, Ioan"]
[Result "1-0"]
[WhiteTitle "CM"]
[BlackTitle "FM"]
[WhiteElo "2203"]
[BlackElo "2288"]
[WhiteFideId "14573652"]
[BlackFideId "1801236"]
[EventDate "2025.05.27"]

1. e4 e5 2. Nf3 Nc6 3. d4 exd4 4. Nxd4 Nf6 5. Nxc6 bxc6 6. Bd3 d5 7. exd5 cxd5
8. O-O Be7 9. b3 O-O 10. h3 c5 11. Bb2 Bb7 12. a4 Rc8 13. Nd2 Qb6 14. Rb1 a6 15.
Re1 Rfe8 16. Nf3 Ne4 17. Bxe4 dxe4 18. Nd2 Qg6 19. Nc4 Bh4 20. Qg4 Qxg4 21. hxg4
Rcd8 22. Rbd1 Bd5 23. Ne3 Be6 24. Kf1 Bg5 25. Nf5 g6 26. Nd6 Bxg4 27. Nxe8 Rxd1
28. Rxd1 Bxd1 29. c3 Bxb3 30. Nd6 f5 31. a5 Be7 32. Nc8 Bd8 33. Nb6 Kf7 34. Ba3
c4 35. Bb4 Ke6 36. Nc8 Bc2 37. Ke2 Bd3+ 38. Ke3 Kd5 39. Ne7+ Bxe7 40. Bxe7 Ke5
41. g3 h6 42. Bf8 h5 43. Bg7+ Ke6 44. Kf4 Kf7 45. Bd4 Ke6 46. Kg5 Kd5 47. Kxg6
f4 48. Kxh5 e3 49. fxe3 f3 50. Kg4 Ke4 51. Kh3 Bf1+ 52. Kh2 f2 53. g4 Bh3 54.
Kxh3 f1=Q+ 55. Kh4 1-0

[Event "Titled Tue 27th May Late"]
[Site "chess.com INT"]
[Date "2025.05.27"]
[Round "4"]
[White "Butti, Enrique"]
[Black "Pham, Le Thao Nguyen"]
[Result "0-1"]
[WhiteTitle "CM"]
[BlackTitle "IM"]
[WhiteElo "1998"]
[BlackElo "2388"]
[WhiteFideId "3700470"]
[BlackFideId "12401226"]
[EventDate "2025.05.27"]

1. d4 d5 2. c4 c6 3. cxd5 cxd5 4. Nc3 Nf6 5. Bg5 Ne4 6. Nxe4 dxe4 7. a3 Nc6 8.
d5 Ne5 9. Qd4 f6 10. Qxe4 e6 11. dxe6 Bxe6 12. Bf4 Bd6 13. Nf3 O-O 14. Nxe5 fxe5
15. Bxe5 Bxe5 16. Qxe5 Qb6 17. e3 Rf5 18. Qd4 Qc6 19. e4 Rc5 20. Bd3 Rc1+ 21.
Kd2 Rxa1 22. Rxa1 Qc7 23. g3 Rd8 24. Qc3 Bc4 25. Rc1 b5 26. b3 Qf7 27. bxc4
Qxf2+ 28. Kd1 bxc4 29. Qxc4+ Kh8 30. Rc2 Qg1+ 31. Kd2 Qxh2+ 32. Kc3 Qxg3 33. Kb3
Rxd3+ 34. Ka2 Rd8 35. Qc7 Qxc7 36. Rxc7 Ra8 37. Kb3 h5 38. Kc4 Kh7 39. Kd5 Kg6
40. e5 h4 41. Rc3 Rd8+ 42. Ke6 Re8+ 43. Kd6 Kf5 44. Rf3+ Ke4 45. Rh3 g5 46. e6
Kf5 47. Rf3+ Kg4 48. Rf7 h3 49. Kd7 Rb8 50. Rh7 Kg3 51. e7 h2 52. e8=Q Rxe8 53.
Kxe8 Kg2 54. Kd7 g4 55. Kc7 g3 56. Kb7 h1=Q 0-1

[Event "Titled Tue 27th May Late"]
[Site "chess.com INT"]
[Date "2025.05.27"]
[Round "4"]
[White "Marchesich, Giovanni"]
[Black "Zhu, Jiner"]
[Result "0-1"]
[WhiteTitle "CM"]
[BlackTitle "GM"]
[WhiteElo "2219"]
[BlackElo "2541"]
[WhiteFideId "2824790"]
[BlackFideId "8608059"]
[EventDate "2025.05.27"]

1. d4 Nf6 2. Nc3 g6 3. e4 d6 4. Bf4 Bg7 5. Qd2 c6 6. Bh6 Bxh6 7. Qxh6 Nbd7 8.
O-O-O Qc7 9. f4 e5 10. Nf3 exf4 11. Qxf4 b5 12. Bxb5 Nh5 13. Qg5 cxb5 14. Nxb5
Qb6 15. Qd5 O-O 16. Qxa8 Qxb5 17. Qxa7 Bb7 18. Qa3 Ra8 19. Qb3 Qxb3 20. axb3
Bxe4 21. Rhe1 d5 22. Kd2 Ndf6 23. Ra1 Rc8 24. c3 Nf4 25. Nh4 Nxg2 26. Nxg2 Bxg2
27. b4 Ne4+ 28. Kd3 Nd6 29. b3 Be4+ 30. Kd2 Bf5 31. Ra5 Ne4+ 32. Ke3 Rxc3+ 33.
Kf4 Rxb3 34. Rxd5 Nf6 35. Rd8+ Kg7 36. Rb8 Nd5+ 37. Ke5 Nxb4 38. Kd6 Rb2 39. Re7
Nd3 40. Rxb2 Nxb2 41. Kc7 Kf6 42. Re2 Nd3 43. d5 Nf4 44. Rd2 Ke5 45. d6 Ne6+ 46.
Kc6 Nd4+ 47. Kc7 Nb5+ 48. Kc6 Nd4+ 49. Kc7 g5 50. Rf2 Nb5+ 51. Kc6 Nd4+ 52. Kc7
Ne6+ 53. Kc6 f6 54. d7 Nd4+ 55. Kc7 Bxd7 56. Kxd7 f5 57. Rg2 h6 58. Ke7 f4 59.
h4 f3 0-1

[Event "Titled Tue 27th May Late"]
[Site "chess.com INT"]
[Date "2025.05.27"]
[Round "4"]
[White "Akobian, Varuzhan"]
[Black "Aronian, Levon"]
[Result "1/2-1/2"]
[WhiteTitle "GM"]
[BlackTitle "GM"]
[WhiteElo "2564"]
[BlackElo "2747"]
[WhiteFideId "13300580"]
[BlackFideId "13300474"]
[EventDate "2025.05.27"]

1. d4 d5 2. c4 e6 3. Nc3 Nf6 4. cxd5 exd5 5. Bg5 Bb4 6. Qa4+ Nc6 7. e3 h6 8.
Bxf6 Qxf6 9. Nf3 O-O 10. Be2 Be6 11. a3 Bd6 12. Nb5 Bg4 13. O-O a6 14. Nxd6 Qxd6
15. Rfc1 Ne7 16. Qb4 Qxb4 17. axb4 c6 18. h3 Bh5 19. Kf1 Rad8 20. Ne5 Bxe2+ 21.
Kxe2 Nf5 22. Nd3 Nd6 23. b3 Rde8 24. g3 g5 25. Rh1 Kg7 26. h4 Nf5 27. Kd2 gxh4
28. g4 Nd6 29. Rxh4 Ne4+ 30. Ke2 Re6 31. Nf4 Rd6 32. f3 Ng5 33. Rah1 Rh8 34.
Nh5+ Kf8 35. Ng3 Rg6 36. Nf5 Ne6 37. Rxh6 Rgxh6 38. Rxh6 Rxh6 39. Nxh6 Ke7 40.
Nf5+ Kd7 41. f4 b6 42. g5 a5 43. bxa5 bxa5 44. Nh6 Ke7 45. Kd3 c5 46. dxc5 Nxc5+
47. Kc3 Ne4+ 48. Kd4 Nd2 49. Kxd5 Nxb3 50. Nf5+ Kf8 51. Nd4 a4 52. Kc4 Nd2+ 53.
Kb4 Kg7 54. Kxa4 Nf1 55. e4 Kg6 56. Kb4 Ng3 57. e5 Nh5 58. Ne2 Kf5 59. Kc5 Nxf4
60. Nxf4 Kxe5 61. Nh3 Kf5 62. Kd6 f6 63. gxf6 Kxf6 1/2-1/2

[Event "Titled Tue 27th May Late"]
[Site "chess.com INT"]
[Date "2025.05.27"]
[Round "4"]
[White "Distaso, Antonio Pio"]
[Black "Cori Quispe, Kevin Joel"]
[Result "1-0"]
[BlackTitle "GM"]
[WhiteElo "2253"]
[BlackElo "2464"]
[WhiteFideId "805548"]
[BlackFideId "3814017"]
[EventDate "2025.05.27"]

1. e4 g6 2. d4 Bg7 3. Nc3 c6 4. Nf3 d5 5. Bf4 Nf6 6. Bd3 dxe4 7. Nxe4 Nxe4 8.
Bxe4 Nd7 9. c3 O-O 10. O-O a5 11. a4 Nf6 12. Bd3 Be6 13. Ne5 Qb6 14. Qe2 c5 15.
Be3 Qc7 16. f4 Nd5 17. dxc5 Nxe3 18. Qxe3 Rfc8 19. b4 Rab8 20. Rae1 b6 21. f5
Bxf5 22. Bxf5 gxf5 23. Rxf5 f6 24. Nc4 bxc5 25. Qe6+ Kh8 26. Rxc5 Qa7 27. Nb6
Rd8 28. bxa5 Rd2 29. Rc8+ Bf8 30. Rxb8 Qxb8 31. Qc8 Qxc8 32. Nxc8 e5 33. a6 Ra2
34. a7 Rxa4 35. h3 Bc5+ 36. Kh2 Bxa7 37. Nxa7 Rxa7 38. Rc1 Rc7 39. c4 Kg7 40. g4
Kf7 41. Kg3 Ke6 42. Kf3 Rd7 43. c5 Rd3+ 44. Ke4 Rd4+ 45. Ke3 Kd7 46. Rf1 Ke7 47.
Ra1 Rc4 48. Ra7+ Ke6 49. Rxh7 Rxc5 50. h4 Rc3+ 51. Kf2 e4 52. Rh8 Ke5 53. h5 Kf4
54. Rf8 Rc2+ 55. Kf1 Kxg4 56. h6 f5 57. h7 f4 58. h8=Q Kf3 59. Qh3# 1-0

[Event "Titled Tue 27th May Late"]
[Site "chess.com INT"]
[Date "2025.05.27"]
[Round "4"]
[White "Schexnaydre, Benson"]
[Black "Korkmaz, Necmettin"]
[Result "0-1"]
[BlackTitle "CM"]
[WhiteElo "2103"]
[BlackElo "2059"]
[WhiteFideId "30935547"]
[BlackFideId "6303285"]
[EventDate "2025.05.27"]

1. d4 d5 2. c4 c6 3. Nf3 Nf6 4. g3 g6 5. Bg2 Bg7 6. O-O O-O 7. cxd5 cxd5 8. Ne5
Nc6 9. Nxc6 bxc6 10. Bf4 Bf5 11. Nc3 Qb6 12. Na4 Qa6 13. Nc5 Qb6 14. b3 Ne4 15.
Nxe4 Bxe4 16. Bxe4 dxe4 17. Be3 Rfd8 18. Qc2 Bxd4 19. Bxd4 Rxd4 20. Rac1 Rc8 21.
e3 Rd3 22. Qc4 Rd2 23. Qxe4 Rxa2 24. Qxe7 Qxb3 25. Rxc6 Rxc6 26. Qe8+ Kg7 27.
Qxc6 a5 28. Qc5 Qb2 29. e4 a4 30. e5 Ra1 31. Qe7 Rxf1+ 32. Kxf1 Qb1+ 33. Kg2
Qe4+ 34. Kg1 Qf5 35. Qb4 Qd7 36. Qb2 Kh6 37. Qc1+ Kg7 38. Qb2 Kf8 39. Qa3+ Ke8
40. h4 h5 41. Kg2 Qc6+ 42. Kh2 Kd7 43. Qd3+ Ke6 44. Qe3 Qd5 45. Qf4 Qxe5 46.
Qxa4 Qc5 47. Qe4+ Kf6 48. Qf4+ Qf5 49. Qxf5+ Kxf5 50. Kg2 Ke4 51. f3+ Ke3 52. g4
Kf4 53. gxh5 gxh5 54. Kf2 f5 55. Kg2 Ke5 56. Kg3 f4+ 57. Kf2 Kd4 58. Ke2 Kc3 59.
Kf1 Kd3 60. Kf2 Kd2 61. Kf1 Ke3 62. Kg2 Ke2 63. Kh2 Kxf3 64. Kg1 Kg3 65. Kf1
Kxh4 66. Kg2 Kg4 67. Kf2 h4 68. Kg2 f3+ 69. Kf2 Kf4 70. Kg1 Kg3 71. Kf1 f2 72.
Ke2 Kg2 0-1

[Event "Titled Tue 27th May Late"]
[Site "chess.com INT"]
[Date "2025.05.27"]
[Round "4"]
[White "Adewumi, Tanitoluwa"]
[Black "Nowak, Mikolaj"]
[Result "1/2-1/2"]
[WhiteTitle "FM"]
[WhiteElo "2376"]
[BlackElo "2316"]
[WhiteFideId "30966396"]
[BlackFideId "1191365"]
[EventDate "2025.05.27"]

1. d4 f6 2. e4 Kf7 3. Nc3 g6 4. h4 Bh6 5. h5 Kg7 6. Bxh6+ Nxh6 7. Qd2 d6 8.
O-O-O Nc6 9. f4 Bg4 10. Be2 e5 11. hxg6 hxg6 12. Rxh6 Rxh6 13. Bxg4 Nxd4 14. Nf3
Nxf3 15. gxf3 Qe7 16. Rg1 Rah8 17. b3 Rh1 18. Rxh1 Rxh1+ 19. Kb2 c6 20. Bc8 Rh8
21. Bg4 exf4 22. Qxf4 Qe5 23. Qd2 b5 24. a3 a5 25. b4 axb4 26. axb4 Rd8 27. f4
Qe7 28. Qd4 Rh8 29. Bf3 Rh4 30. Ne2 Rh3 31. Bg4 Rh4 32. Bc8 d5 33. Qc3 Qxe4 34.
Nd4 Rxf4 35. Ne6+ Kh6 36. Nxf4 Qxf4 37. Bd7 d4 38. Qd3 Qd6 39. Qh3+ Kg7 40. Kb3
f5 41. Bc8 Qd5+ 42. Kb2 Qd8 43. Bb7 Qc7 44. Ba8 Qc8 45. Qa3 f4 46. Qa7+ Kh6 47.
Bb7 Qc7 48. Qa8 Qe7 49. Kb3 Qe6+ 50. Kb2 Qd6 51. Bxc6 Qxb4+ 52. Ka2 Qc3 53. Be4
f3 54. Qf8+ Kg5 55. Qxf3 Qxf3 56. Bxf3 Kf4 57. Be2 b4 58. Kb3 Ke3 59. Bd3 g5 60.
Kxb4 g4 61. Kb3 g3 62. Bf1 d3 63. cxd3 g2 64. Bxg2 Kxd3 1/2-1/2